[Event "6. OIBM 2002"]
[Site "Bad Wiessee"]
[Date "2002.10.26"]
[Round "1"]
[White "Baum, Kurt"]
[Black "Farago, Ivan"]
[Result "0-1"]
[WhiteElo "2027"]
[BlackElo "2474"]
[PlyCount "46"]
[EventDate "2002.??.??"]

1. d4 Nf6 2. c4 e6 3. Nc3 Bb4 4. Bd2 d5 5. e3 O-O 6. a3 Be7 7. Nf3 b6 8. b3 Bb7
9. Be2 dxc4 10. Bxc4 Nbd7 11. O-O a6 12. Ne5 b5 13. Nxd7 Qxd7 14. Be2 c5 15.
dxc5 Rfd8 16. Ra2 Bxc5 17. b4 Be7 18. Bf3 Rac8 19. Qe2 Bxf3 20. gxf3 Nd5 21.
Rc1 Nb6 22. Ne4 Rxc1+ 23. Bxc1 Qd1+ 0-1

[Event "6. OIBM 2002"]
[Site "Bad Wiessee"]
[Date "2002.10.26"]
[Round "1"]
[White "Ebenschwanger, Franz"]
[Black "Jaracz, Pawel"]
[Result "0-1"]
[WhiteElo "2056"]
[BlackElo "2545"]
[PlyCount "38"]
[EventDate "2002.??.??"]

1. Nf3 c5 2. g3 Nc6 3. Bg2 g6 4. O-O Bg7 5. d3 d5 6. e4 Nf6 7. Nbd2 O-O 8. c3
Qc7 9. Qc2 Rd8 10. Re1 e5 11. b4 dxe4 12. dxe4 cxb4 13. cxb4 Qe7 14. a3 Be6 15.
Nc4 Rac8 16. Bf1 Nd4 17. Nxd4 exd4 18. b5 Nd7 19. Bf4 Nb6 0-1

[Event "6. OIBM 2002"]
[Site "Bad Wiessee"]
[Date "2002.10.26"]
[Round "1"]
[White "Efimenko, Zahar"]
[Black "Niemetz, Alexander"]
[Result "1-0"]
[WhiteElo "2567"]
[BlackElo "2068"]
[PlyCount "51"]
[EventDate "2002.??.??"]

1. e4 e6 2. d4 d5 3. Nd2 Nf6 4. e5 Ne4 5. Bd3 Nxd2 6. Bxd2 c5 7. dxc5 Nc6 8.
Nf3 Bxc5 9. O-O h6 10. c3 a5 11. Qa4 Bd7 12. Qg4 Kf8 13. b4 axb4 14. cxb4 Be7
15. b5 h5 16. Qf4 Na5 17. Rac1 f5 18. exf6 gxf6 19. Rfe1 Rc8 20. Rxc8 Bxc8 21.
Nh4 Nc4 22. Bxc4 dxc4 23. Ng6+ Kg7 24. Nxh8 Qxh8 25. Qxc4 e5 26. Bb4 1-0

[Event "6. OIBM 2002"]
[Site "Bad Wiessee"]
[Date "2002.10.26"]
[Round "1"]
[White "Frehen, Werner"]
[Black "Siegel, Georg"]
[Result "0-1"]
[WhiteElo "2014"]
[BlackElo "2443"]
[PlyCount "28"]
[EventDate "2002.??.??"]

1. e4 c5 2. d4 cxd4 3. c3 Nf6 4. e5 Nd5 5. cxd4 d6 6. Bc4 Nb6 7. Bb3 d5 8. Ne2
Bg4 9. Nbc3 e6 10. O-O Nc6 11. a3 Rc8 12. Bc2 Bh5 13. f4 Nxd4 14. Qxd4 Bc5 0-1

[Event "6. OIBM 2002"]
[Site "Bad Wiessee"]
[Date "2002.10.26"]
[Round "1"]
[White "Naumann, Alexander"]
[Black "Neubauer, Ralf"]
[Result "1-0"]
[WhiteElo "2513"]
[BlackElo "2044"]
[PlyCount "32"]
[EventDate "2002.??.??"]

1. e4 d5 2. exd5 Qxd5 3. Nc3 Qa5 4. d4 c6 5. Bc4 Bf5 6. Nf3 Nf6 7. Ne5 e6 8. g4
Be4 9. f3 Bd5 10. Bd2 Bxc4 11. Nxc4 Qc7 12. Qe2 Nbd7 13. O-O-O O-O-O 14. Ne4
Nd5 15. Kb1 Kb8 16. Ng5 N7f6 1-0

[Event "6. OIBM 2002"]
[Site "Bad Wiessee"]
[Date "2002.10.27"]
[Round "2"]
[White "Burmakin, Vladimir"]
[Black "Riedel, Holger"]
[Result "1/2-1/2"]
[WhiteElo "2581"]
[BlackElo "2204"]
[PlyCount "116"]
[EventDate "2002.??.??"]

1. d4 f5 2. g3 Nf6 3. Bg2 g6 4. Nh3 Bg7 5. Nf4 O-O 6. h4 Nc6 7. c3 e5 8. dxe5
Nxe5 9. Bxb7 Bxb7 10. Qb3+ d5 11. Qxb7 Qd6 12. Qb3 c5 13. Nd2 Bh6 14. Nf3 Nxf3+
15. exf3 Rfe8+ 16. Kf1 Qa6+ 17. Kg2 Rab8 18. Qd1 Bxf4 19. Bxf4 Rxb2 20. Re1
Ree2 21. Rxe2 Qxe2 22. Qxe2 Rxe2 23. Be3 d4 24. Kf1 Rb2 25. cxd4 c4 26. Rc1 Rb4
27. Bf4 Nd5 28. Bd6 Ra4 29. a3 Kf7 30. Bc5 Nc7 31. Rb1 Ke6 32. Rb7 Na6 33. Bf8
c3 34. Ke2 Rxd4 35. Rxa7 c2 36. Rxa6+ Kd7 37. Bh6 f4 38. Bxf4 Rxf4 39. Kd2 Rxf3
40. Kxc2 Rxf2+ 41. Kb3 Rf3+ 42. Kb4 Rxg3 43. Ra7+ Kc6 44. Rxh7 Rg4+ 45. Ka5 Rg3
46. a4 Rg4 47. Rh8 Rf4 48. Rh7 Re4 49. Rh6 Rg4 50. h5 Rg5+ 51. Ka6 Rxh5 52.
Rxg6+ Kc7 53. Rb6 Rh4 54. Rb7+ Kc6 55. a5 Rh5 56. Rg7 Rf5 57. Rg6+ Kc7 58. Rg8
Rh5 1/2-1/2

[Event "6. OIBM 2002"]
[Site "Bad Wiessee"]
[Date "2002.10.27"]
[Round "2"]
[White "Daum, Dieter"]
[Black "Buchal, Stephan"]
[Result "0-1"]
[WhiteElo "2136"]
[BlackElo "2358"]
[PlyCount "40"]
[EventDate "2002.??.??"]

1. Nf3 g6 2. e4 Bg7 3. d4 d6 4. Bc4 Nf6 5. Qe2 O-O 6. e5 dxe5 7. dxe5 Nd5 8. h3
Nb6 9. Bb3 a5 10. a4 Nc6 11. c3 Bf5 12. Bf4 Bd3 13. Qe3 Nd5 14. Bxd5 Qxd5 15.
Nbd2 Rad8 16. h4 f6 17. Rh2 g5 18. hxg5 fxe5 19. Bg3 e4 20. Nh4 Nd4 0-1

[Event "6. OIBM 2002"]
[Site "Bad Wiessee"]
[Date "2002.10.27"]
[Round "2"]
[White "Prusikhin, Michael"]
[Black "Kick, Joachim"]
[Result "1-0"]
[WhiteElo "2504"]
[BlackElo "2167"]
[PlyCount "43"]
[EventDate "2002.??.??"]

1. d4 d5 2. c4 c6 3. Nf3 Nf6 4. Nc3 e6 5. g3 Nbd7 6. Bg2 dxc4 7. O-O Be7 8. e4
b5 9. d5 cxd5 10. exd5 exd5 11. Nxd5 Nxd5 12. Qxd5 Nb6 13. Qxd8+ Bxd8 14. Nd4
a6 15. Re1+ Be7 16. Bxa8 Nxa8 17. Bg5 f6 18. Nc6 fxg5 19. Rxe7+ Kf8 20. Rd1 Nc7
21. Rd8+ Ne8 22. Rdxe8# 1-0

[Event "6. OIBM 2002"]
[Site "Bad Wiessee"]
[Date "2002.10.27"]
[Round "2"]
[White "Rau, Jürgen"]
[Black "Aronian, Levon"]
[Result "0-1"]
[WhiteElo "2205"]
[BlackElo "2581"]
[PlyCount "76"]
[EventDate "2002.??.??"]

1. Nf3 Nf6 2. c4 e6 3. Nc3 d5 4. d4 dxc4 5. Bg5 Bb4 6. a3 Bxc3+ 7. bxc3 Qd5 8.
Bxf6 gxf6 9. Nd2 Nd7 10. e4 Qa5 11. Qf3 b5 12. e5 Rb8 13. exf6 Bb7 14. Qg3 Nxf6
15. Qe5 Qxc3 16. Rd1 Ke7 17. Qc5+ Kd7 18. Qxb5+ Bc6 19. Qxc4 Qxa3 20. Rc1 Qd6
21. Qc2 Rhg8 22. f3 Bd5 23. Qa4+ Bc6 24. Qxa7 Rb2 25. Qc5 Qxc5 26. Rxc5 Bd5 27.
Rb5 Ra2 28. Rb1 Ke7 29. g3 Rga8 30. Bc4 Rc2 31. Bd3 Rc3 32. Ke2 Raa3 33. Be4
Re3+ 34. Kf2 Bxe4 35. fxe4 Ng4+ 36. Kf1 Red3 37. Ke2 Rxd4 38. Rhc1 Re3+ 0-1

[Event "6. OIBM 2002"]
[Site "Bad Wiessee"]
[Date "2002.10.27"]
[Round "2"]
[White "Schmaltz, Roland"]
[Black "Trescher, Manfred"]
[Result "1-0"]
[WhiteElo "2529"]
[BlackElo "2184"]
[PlyCount "97"]
[EventDate "2002.??.??"]

1. e4 e6 2. d4 d5 3. Nc3 Bb4 4. e5 c5 5. a3 Bxc3+ 6. bxc3 Qc7 7. Nf3 b6 8. Bb5+
Bd7 9. Bd3 Ba4 10. O-O Ne7 11. Nh4 c4 12. Be2 h6 13. f4 g6 14. g4 Nd7 15. f5
gxf5 16. gxf5 O-O-O 17. f6 Rdg8+ 18. Kh1 Nc6 19. Bf4 a5 20. Bh5 Nf8 21. Qd2 Ng6
22. Bg3 Nd8 23. Ng2 Nf8 24. Bf4 Ng6 25. Be3 Qc6 26. Rf3 Qe8 27. Rh3 Qf8 28. Bf3
h5 29. Rxh5 Rxh5 30. Bxh5 Rh8 31. Bg4 Qg8 32. Qe2 Qh7 33. h3 Nh4 34. Nxh4 Qxh4
35. Rg1 Qh7 36. Rg2 Nc6 37. Kh2 b5 38. Qd2 Kd7 39. Bg5 Qe4 40. Qe2 Qxe2 41.
Rxe2 b4 42. axb4 axb4 43. cxb4 Nxd4 44. Rd2 Nc6 45. Rxd5+ Kc7 46. Rc5 Kb6 47.
Be3 Ka6 48. c3 Bb5 49. Bf3 1-0

[Event "6. OIBM 2002"]
[Site "Bad Wiessee"]
[Date "2002.10.27"]
[Round "2"]
[White "Schulte, Jürgen"]
[Black "Lorscheid, Gerhard"]
[Result "0-1"]
[WhiteElo "2126"]
[BlackElo "2307"]
[PlyCount "46"]
[EventDate "2002.??.??"]

1. d4 d6 2. g3 g6 3. Bg2 Bg7 4. e4 Nf6 5. Nc3 O-O 6. Nge2 c6 7. h3 e5 8. Be3
Qe7 9. g4 Na6 10. O-O Bxg4 11. hxg4 Nxg4 12. Qd2 Qh4 13. Rfd1 f5 14. f3 Qh2+
15. Kf1 fxe4 16. Nxe4 Bh6 17. Bxh6 Nxh6 18. Qg5 Nf5 19. dxe5 Qxe5 20. Rxd6 Rae8
21. Rd7 Nc5 22. Rad1 Nxe4 23. Qc1 Nf6 0-1

[Event "6. OIBM 2002"]
[Site "Bad Wiessee"]
[Date "2002.10.28"]
[Round "3"]
[White "Anagnostopoulos, Dimitri"]
[Black "Schütte, Marc"]
[Result "1-0"]
[WhiteElo "2438"]
[BlackElo "2229"]
[PlyCount "45"]
[EventDate "2002.??.??"]

1. e4 e6 2. d4 d5 3. Nc3 Bb4 4. e5 c5 5. a3 Bxc3+ 6. bxc3 Ne7 7. Nf3 Qa5 8. Bd2
Nbc6 9. a4 Bd7 10. Bb5 O-O 11. O-O Rfc8 12. Ng5 h6 13. Nh3 Qc7 14. Bd3 cxd4 15.
cxd4 Nxd4 16. Bxh6 Nef5 17. Bf4 Nxc2 18. Bxf5 Nxa1 19. Qh5 Be8 20. Qh7+ Kf8 21.
Bg5 f6 22. exf6 exf5 23. Re1 1-0

[Event "6. OIBM 2002"]
[Site "Bad Wiessee"]
[Date "2002.10.28"]
[Round "3"]
[White "Golod, Vitali"]
[Black "Nogly, Christoph"]
[Result "1-0"]
[WhiteElo "2523"]
[BlackElo "2283"]
[PlyCount "39"]
[EventDate "2002.??.??"]

1. d4 e6 2. c4 b6 3. a3 f5 4. g3 c6 5. Bg2 d5 6. Nf3 Nf6 7. O-O Bd6 8. Bf4 O-O
9. Nbd2 Bb7 10. Rc1 Qe7 11. Ne5 Rc8 12. cxd5 exd5 13. Qb3 Kf8 14. Bh3 g6 15. e4
Bxe5 16. dxe5 Nxe4 17. Nxe4 dxe4 18. Bh6+ Ke8 19. Qg8+ Kd7 20. e6+ 1-0

[Event "6. OIBM 2002"]
[Site "Bad Wiessee"]
[Date "2002.10.28"]
[Round "3"]
[White "Kononenko, Tatiana"]
[Black "Marendic, Vladko"]
[Result "0-1"]
[WhiteElo "2388"]
[BlackElo "2085"]
[PlyCount "62"]
[EventDate "2002.??.??"]

1. d4 Nf6 2. c4 c5 3. d5 b5 4. cxb5 a6 5. b6 g6 6. Nc3 d6 7. Qb3 Bb7 8. a4 a5
9. e4 Bg7 10. Nf3 Nbd7 11. Nd2 Qxb6 12. Bb5 O-O 13. Nc4 Qc7 14. O-O Rfb8 15. h3
Nb6 16. Na3 Ba6 17. Be3 Qd8 18. Rad1 Bxb5 19. Naxb5 Ne8 20. f4 Nc7 21. e5 Nxb5
22. Nxb5 c4 23. Qc2 dxe5 24. d6 e6 25. fxe5 Bxe5 26. Qf2 f6 27. Nc7 Nd5 28.
Nxe6 Qxd6 29. Qf3 Qxe6 30. Rxd5 Bxb2 31. Bf4 Rd8 0-1

[Event "6. OIBM 2002"]
[Site "Bad Wiessee"]
[Date "2002.10.28"]
[Round "3"]
[White "Lobron, Eric"]
[Black "Plümer, Detlef"]
[Result "1/2-1/2"]
[WhiteElo "2500"]
[BlackElo "2246"]
[PlyCount "48"]
[EventDate "2002.??.??"]

1. Nf3 e6 2. c4 b6 3. d4 Bb7 4. a3 f5 5. Nc3 Be7 6. d5 Bf6 7. Bd2 Ne7 8. e4
fxe4 9. Nxe4 O-O 10. Nxf6+ Rxf6 11. Bc3 Rh6 12. Qd4 Qf8 13. O-O-O exd5 14. cxd5
Bxd5 15. Bc4 c6 16. Bb4 Bxc4 17. Qxc4+ d5 18. Bxe7 Qxe7 19. Rxd5 cxd5 20. Qxd5+
Kf8 21. Qxa8 Rc6+ 22. Kd1 Qd7+ 23. Nd2 Qc7 24. Re1 Rc1+ 1/2-1/2

[Event "6. OIBM 2002"]
[Site "Bad Wiessee"]
[Date "2002.10.29"]
[Round "4"]
[White "Abeln, Michiel"]
[Black "Beim, Valeri"]
[Result "0-1"]
[WhiteElo "2280"]
[BlackElo "2555"]
[PlyCount "64"]
[EventDate "2002.??.??"]

1. c4 e5 2. g3 Nc6 3. Bg2 f5 4. Nc3 Nf6 5. a3 g6 6. d3 Bg7 7. e3 d6 8. Nge2 O-O
9. O-O Ne7 10. f4 c6 11. h3 Be6 12. b3 Qc7 13. Qd2 Rad8 14. Bb2 Bf7 15. Rac1
Rfe8 16. Nd1 Nc8 17. Bc3 Qe7 18. Re1 Nb6 19. a4 Nbd7 20. Qc2 d5 21. fxe5 Nxe5
22. c5 h5 23. Ba5 Rc8 24. Nd4 h4 25. gxh4 Nh5 26. Nb2 Bf6 27. Nf3 Nxf3+ 28.
Bxf3 Bxh4 29. Qg2 Bxe1 30. Rxe1 Qh4 31. Bxh5 Qxh5 32. Bc3 Qh4 0-1

[Event "6. OIBM 2002"]
[Site "Bad Wiessee"]
[Date "2002.10.29"]
[Round "4"]
[White "Döttling, Fabian"]
[Black "Dunsbach, Ralf"]
[Result "1/2-1/2"]
[WhiteElo "2539"]
[BlackElo "2277"]
[PlyCount "54"]
[EventDate "2002.??.??"]

1. Nf3 Nf6 2. c4 g6 3. Nc3 d5 4. cxd5 Nxd5 5. Qa4+ Nc6 6. Ne5 Ndb4 7. a3 Bg7 8.
axb4 Bxe5 9. b5 Nb8 10. g3 O-O 11. Bg2 c6 12. d3 Bg7 13. Bf4 cxb5 14. Qxb5 a6
15. Qa5 Nc6 16. Qxd8 Rxd8 17. Bxc6 bxc6 18. Ra5 Bd4 19. O-O Bg4 20. Re1 Rd7 21.
Be3 Bxe3 22. fxe3 Rb7 23. Rb1 Rab8 24. Rxa6 Rxb2 25. Rxb2 Rxb2 26. Kf2 Rc2 27.
Ra3 f6 1/2-1/2

[Event "6. OIBM 2002"]
[Site "Bad Wiessee"]
[Date "2002.10.29"]
[Round "4"]
[White "Landa, Konstantin"]
[Black "Korobov, Anton"]
[Result "1-0"]
[WhiteElo "2632"]
[BlackElo "2503"]
[PlyCount "111"]
[EventDate "2002.??.??"]

1. e4 c5 2. Nf3 d6 3. d4 cxd4 4. Nxd4 Nf6 5. Nc3 a6 6. Be3 e5 7. Nb3 Be6 8. f3
Nbd7 9. g4 Be7 10. Qd2 O-O 11. O-O-O Qc7 12. Kb1 Rfc8 13. g5 Nh5 14. Nd5 Bxd5
15. exd5 Nb6 16. Qf2 Nc4 17. Bxc4 Qxc4 18. Rhg1 g6 19. Rg4 Qb5 20. a4 Qd7 21.
a5 Qb5 22. Qf1 Qxf1 23. Rxf1 f5 24. Rb4 Rc7 25. c4 Rd7 26. Rg1 Rc8 27. Kc2 h6
28. gxh6 Kh7 29. Kd3 Bf8 30. Rb6 Bxh6 31. Bxh6 Kxh6 32. c5 Nf4+ 33. Kc4 dxc5
34. d6 Nd3 35. Rg2 e4 36. fxe4 fxe4 37. Re2 Rc6 38. Rxc6 bxc6 39. Nxc5 Rxd6 40.
Nxa6 Ne5+ 41. Kc3 Rd3+ 42. Kc2 Rd4 43. b3 Nf3 44. Kb2 Nd2 45. Nc5 Rd5 46. b4
Nc4+ 47. Kc3 Nxa5 48. Ra2 e3 49. bxa5 Rxc5+ 50. Kd3 Re5 51. Ke2 Re8 52. a6 g5
53. a7 Ra8 54. Kxe3 Kh5 55. Kd4 Kh4 56. Ra3 1-0

[Event "6. OIBM 2002"]
[Site "Bad Wiessee"]
[Date "2002.10.29"]
[Round "4"]
[White "Nautsch, Werner"]
[Black "Goloshchapov, Alexander"]
[Result "0-1"]
[WhiteElo "2288"]
[BlackElo "2536"]
[PlyCount "58"]
[EventDate "2002.??.??"]

1. e4 c5 2. Nc3 Nc6 3. g3 g6 4. Bg2 Bg7 5. Nge2 d6 6. O-O Rb8 7. d3 b5 8. Nd5
e6 9. Ne3 Nge7 10. c3 b4 11. Bd2 O-O 12. Qc2 Ba6 13. Rfd1 Qd7 14. Rab1 Na5 15.
Be1 Rfc8 16. Qd2 Nac6 17. f4 f5 18. g4 Rf8 19. exf5 exf5 20. gxf5 Nxf5 21. Bh3
Nce7 22. Ng3 Bb7 23. Nexf5 Nxf5 24. Nxf5 Rxf5 25. Bxf5 Qxf5 26. Qe3 Qd5 27. Qh3
Re8 28. Kf1 Qh1+ 29. Kf2 Bf6 0-1

[Event "6. OIBM 2002"]
[Site "Bad Wiessee"]
[Date "2002.10.29"]
[Round "4"]
[White "Romanishin, Oleg"]
[Black "Bromberger, Stefan"]
[Result "0-1"]
[WhiteElo "2562"]
[BlackElo "2414"]
[PlyCount "70"]
[EventDate "2002.??.??"]

1. d4 Nf6 2. Nf3 e6 3. g3 b6 4. Bg2 Bb7 5. c4 c5 6. d5 exd5 7. Nh4 b5 8. cxd5
Qa5+ 9. Nc3 b4 10. Ne4 Nxe4 11. Bxe4 g6 12. O-O Bg7 13. a3 O-O 14. Qb3 d6 15.
Bd2 Qb6 16. axb4 cxb4 17. Be3 Bd4 18. Ng2 Nd7 19. Qd1 Bc5 20. Bc2 Nf6 21. Bxc5
Qxc5 22. e4 Rfe8 23. Re1 Rac8 24. Bd3 Qd4 25. Ne3 Nxe4 26. Bb5 Qxb2 27. Re2 Qg7
28. Rxa7 Nc3 29. Qd3 Nxe2+ 30. Qxe2 Rc1+ 31. Kg2 Bxd5+ 32. Nxd5 Rxe2 33. Ra8+
Qf8 34. Rxf8+ Kxf8 35. Bxe2 b3 0-1

[Event "6. OIBM 2002"]
[Site "Bad Wiessee"]
[Date "2002.10.30"]
[Round "5"]
[White "Beim, Valeri"]
[Black "Renner, Christoph"]
[Result "1-0"]
[WhiteElo "2555"]
[BlackElo "2414"]
[PlyCount "69"]
[EventDate "2002.??.??"]

1. d4 f5 2. Nc3 d5 3. Bf4 Nf6 4. e3 a6 5. Bd3 e6 6. Nf3 c5 7. dxc5 Bxc5 8. O-O
Nc6 9. Ne2 O-O 10. c4 Qe7 11. Ned4 Bd7 12. Rc1 Rac8 13. cxd5 Nxd5 14. Nxf5 exf5
15. Bc4 Kh8 16. Bxd5 h6 17. a3 Rfd8 18. b4 Bb6 19. Qb3 Kh7 20. Rfd1 Qf6 21. h3
Kh8 22. Bg3 Be8 23. Bh4 g5 24. Bg3 Bc7 25. Be6 Rxd1+ 26. Rxd1 Rd8 27. Rxd8 Bxd8
28. Qd5 f4 29. exf4 gxf4 30. Bh4 Qa1+ 31. Kh2 Bxh4 32. Nxh4 Qxa3 33. Qf5 Qxb4
34. Qf6+ Kh7 35. Nf5 1-0

[Event "6. OIBM 2002"]
[Site "Bad Wiessee"]
[Date "2002.10.30"]
[Round "5"]
[White "Brueggemann, Joachim"]
[Black "Pluemer, Detlef"]
[Result "1-0"]
[WhiteElo "2412"]
[BlackElo "2246"]
[PlyCount "83"]
[EventDate "2002.??.??"]

1. e4 e6 2. d4 d5 3. Nc3 Bb4 4. e5 c5 5. a3 Bxc3+ 6. bxc3 Qc7 7. Nf3 Ne7 8. a4
b6 9. Bd2 Nbc6 10. Bd3 h6 11. O-O Na5 12. Re1 Bd7 13. Qc1 c4 14. Bf1 Bc6 15. g3
Qd7 16. Qa3 O-O-O 17. h4 Qe8 18. Nh2 Qf8 19. Bh3 Ng8 20. Qb4 Qe8 21. Bg4 Kb7
22. Nf1 Bd7 23. Bh5 Ne7 24. Ne3 Nec6 25. Qa3 Qg8 26. Qc1 Be8 27. Qd1 Ne7 28.
Bc1 g5 29. Ng4 gxh4 30. Nf6 Qg7 31. g4 Ng8 32. Qf3 Nxf6 33. exf6 Qh7 34. Re2
Bd7 35. Bf4 Rhg8 36. Kh2 Nc6 37. Kh3 Rg5 38. Bxg5 hxg5 39. Kh2 e5 40. dxe5 Be6
41. Rd1 Qg8 42. Qe3 1-0

[Event "6. OIBM 2002"]
[Site "Bad Wiessee"]
[Date "2002.10.30"]
[Round "5"]
[White "Deglmann, Ludwig"]
[Black "Lerner, Konstantin"]
[Result "0-1"]
[WhiteElo "2269"]
[BlackElo "2504"]
[PlyCount "100"]
[EventDate "2002.??.??"]

1. d4 Nf6 2. Nf3 e6 3. e3 b6 4. Bd3 Bb7 5. O-O c5 6. b3 Be7 7. Bb2 Nc6 8. c4
cxd4 9. exd4 d5 10. Nc3 O-O 11. Qe2 Rc8 12. Rad1 Nb4 13. Bb1 dxc4 14. bxc4 Bxf3
15. gxf3 Qc7 16. a3 Na6 17. Ne4 Nxe4 18. fxe4 Nb8 19. Bd3 Qf4 20. Kh1 Nd7 21.
Rg1 g6 22. Bc1 Qh4 23. e5 Kh8 24. Rg3 f5 25. Qf1 Bd8 26. Rh3 Qe7 27. Qe2 Qf7
28. Rg1 Rg8 29. Rh6 Be7 30. Qf3 Bf8 31. Rh4 Rc7 32. Qh3 Be7 33. Rh6 Rg7 34. f4
Rc8 35. Qf3 Qe8 36. Be2 Bf8 37. Rh3 Kg8 38. Qb3 Kh8 39. Be3 Nb8 40. d5 Bc5 41.
Bxc5 Rxc5 42. Rd1 Na6 43. Bf3 Rc8 44. Bg2 Nc5 45. Qb5 Qxb5 46. cxb5 exd5 47.
Bxd5 Rd7 48. Re3 Ne6 49. Bb3 Rxd1+ 50. Bxd1 Nxf4 0-1

[Event "6. OIBM 2002"]
[Site "Bad Wiessee"]
[Date "2002.10.30"]
[Round "5"]
[White "Gershon, Alik"]
[Black "Pirrot, Dieter"]
[Result "1-0"]
[WhiteElo "2562"]
[BlackElo "2421"]
[PlyCount "35"]
[EventDate "2002.??.??"]

1. d4 d5 2. Nf3 Nc6 3. c4 Bg4 4. cxd5 Bxf3 5. gxf3 Qxd5 6. e3 e5 7. Nc3 Bb4 8.
Bd2 Bxc3 9. bxc3 Qd6 10. Rb1 b6 11. f4 exf4 12. e4 Nge7 13. Qf3 O-O 14. Bxf4
Qa3 15. Bg2 f5 16. O-O Kh8 17. d5 Ng6 18. Bc1 1-0

[Event "6. OIBM 2002"]
[Site "Bad Wiessee"]
[Date "2002.10.30"]
[Round "5"]
[White "Golod, Vitali"]
[Black "Landa, Konstantin"]
[Result "1/2-1/2"]
[WhiteElo "2523"]
[BlackElo "2632"]
[PlyCount "105"]
[EventDate "2002.??.??"]

1. d4 Nf6 2. c4 e6 3. Nf3 d5 4. g3 Bb4+ 5. Nbd2 dxc4 6. Bg2 c3 7. bxc3 Bxc3 8.
Rb1 O-O 9. e3 a5 10. O-O Bb4 11. Qc2 b6 12. a3 Be7 13. Ne5 Ra7 14. Ndc4 Nfd7
15. Nd3 Ba6 16. Rd1 Qc8 17. e4 Re8 18. Bb2 Bxc4 19. Qxc4 c6 20. a4 Na6 21. Rbc1
Rc7 22. Bc3 Qb7 23. Qb3 Bf8 24. Bd2 Qa7 25. Rc2 e5 26. dxe5 Nac5 27. Nxc5 Nxc5
28. Qc4 Rd7 29. Bh3 Rdd8 30. Rb1 Rxe5 31. Bg2 Ne6 32. Rcb2 Bc5 33. Bc3 Rg5 34.
Kf1 Rh5 35. h4 Qc7 36. e5 Rh6 37. Qe4 Nf8 38. Bh3 Qe7 39. Bd2 Rhd6 40. Bg5 f6
41. Qc4+ Rd5 42. exf6 gxf6 43. Bh6 Qf7 44. Re1 Rd4 45. Qxf7+ Kxf7 46. Be3 Rb4
47. Rbe2 Re4 48. Bxc5 Rxe2 49. Kxe2 bxc5 50. Rc1 Re8+ 51. Kd3 Rd8+ 52. Ke2 Re8+
53. Kd3 1/2-1/2

[Event "6. OIBM 2002"]
[Site "Bad Wiessee"]
[Date "2002.10.31"]
[Round "6"]
[White "Fischer, Johann"]
[Black "Korobov, Anton"]
[Result "1-0"]
[WhiteElo "2301"]
[BlackElo "2503"]
[PlyCount "82"]
[EventDate "2002.??.??"]

1. c4 g6 2. Nc3 Bg7 3. g3 c5 4. Bg2 Nc6 5. d3 Nh6 6. h4 b6 7. h5 Bb7 8. hxg6
hxg6 9. Bf4 d6 10. Qd2 Nf5 11. Rxh8+ Bxh8 12. Nh3 Qd7 13. O-O-O f6 14. Be4 Nb4
15. Rh1 O-O-O 16. Kb1 e5 17. Be3 d5 18. cxd5 Nxd5 19. Nxd5 Bxd5 20. Bxd5 Qxd5
21. Rc1 Kb7 22. g4 Nd6 23. f3 f5 24. gxf5 gxf5 25. Qe1 c4 26. Qh4 Rc8 27. Qh7+
Kb8 28. Qd7 Qc6 29. Qe6 Kb7 30. Ng5 Re8 31. Qg6 e4 32. Nf7 Nxf7 33. Qxf7+ Ka8
34. Rxc4 Qb5 35. Rb4 Qc6 36. Rc4 Qb5 37. Bd4 Bxd4 38. Rxd4 Rh8 39. a4 Qc5 40.
Rc4 Qg1+ 41. Ka2 Rd8 1-0

[Event "6. OIBM 2002"]
[Site "Bad Wiessee"]
[Date "2002.10.31"]
[Round "6"]
[White "Hertneck, Gerald"]
[Black "Beim, Valeri"]
[Result "1/2-1/2"]
[WhiteElo "2502"]
[BlackElo "2555"]
[PlyCount "109"]
[EventDate "2002.??.??"]

1. d4 f5 2. g3 Nf6 3. Bg2 g6 4. c4 Bg7 5. Nc3 d6 6. f4 c6 7. Nf3 O-O 8. O-O Na6
9. b3 Nc7 10. Bb2 b5 11. e3 Rb8 12. Rb1 a5 13. Nd2 Bb7 14. cxb5 cxb5 15. Bxb7
Rxb7 16. Qf3 Qa8 17. e4 b4 18. Ne2 fxe4 19. Nxe4 Nxe4 20. Qxe4 Ra7 21. Qxa8
Raxa8 22. d5 Nxd5 23. Bxg7 Kxg7 24. Nd4 Rf6 25. Rfe1 Kf7 26. Rbd1 Rc8 27. Rd2
h6 28. h4 Rc3 29. Kh2 Nc7 30. Rde2 e6 31. Kg2 Ke7 32. Rd2 Kd7 33. a3 bxa3 34.
Ra1 Rc5 35. Rxa3 Rf8 36. Rda2 Rd5 37. Nf3 Rb8 38. Nd2 Rbb5 39. Nc4 Rd3 40. Nxa5
g5 41. fxg5 hxg5 42. Rf2 Rc5 43. Ra4 gxh4 44. gxh4 Nd5 45. Nc4 e5 46. Rf3 Rd4
47. Kg3 Rc8 48. Ra7+ Ke6 49. Rh7 Rg8+ 50. Kf2 Nf4 51. Rh6+ Kd7 52. Rc3 Nd3+ 53.
Ke2 Nf4+ 54. Kf2 Nd3+ 55. Ke2 1/2-1/2

[Event "6. OIBM 2002"]
[Site "Bad Wiessee"]
[Date "2002.10.31"]
[Round "6"]
[White "Jaracz, Pawel"]
[Black "Bromberger, Stefan"]
[Result "0-1"]
[WhiteElo "2545"]
[BlackElo "2414"]
[PlyCount "78"]
[EventDate "2002.??.??"]

1. e4 c5 2. Nc3 d6 3. f4 Nc6 4. Nf3 e6 5. d4 cxd4 6. Nxd4 Nf6 7. Be3 Be7 8. Qf3
a6 9. O-O-O Qc7 10. g4 Nxd4 11. Rxd4 b5 12. g5 Nd7 13. h4 Bb7 14. Bh3 d5 15.
exd5 b4 16. Ne4 Bxd5 17. f5 Ne5 18. Qe2 Nc6 19. Rxd5 exd5 20. Nf2 O-O 21. f6
Rfe8 22. fxe7 Qxe7 23. Ng4 d4 24. Qg2 dxe3 25. Nf6+ Kh8 26. Nxe8 Rxe8 27. Qxc6
e2 28. Re1 Qe3+ 29. Kb1 Rd8 30. a3 Qd2 31. Rxe2 Qxe2 32. axb4 Qe1+ 33. Ka2 Qxh4
34. Bf1 Qxb4 35. Bd3 Qa5+ 36. Kb1 Qe1+ 37. Ka2 Qe6+ 38. Qxe6 fxe6 39. Kb3 Rxd3+
0-1

[Event "6. OIBM 2002"]
[Site "Bad Wiessee"]
[Date "2002.10.31"]
[Round "6"]
[White "Landa, Konstantin"]
[Black "Goloshchapov, Alexander"]
[Result "1-0"]
[WhiteElo "2632"]
[BlackElo "2536"]
[PlyCount "67"]
[EventDate "2002.??.??"]

1. d4 e6 2. c4 f5 3. Nc3 Bb4 4. Qb3 a5 5. g3 Nf6 6. Bg2 O-O 7. Nh3 d6 8. O-O
Bxc3 9. bxc3 Nc6 10. c5 d5 11. Rd1 a4 12. Qc2 Na5 13. Qxa4 Bd7 14. Qb4 Nc4 15.
a4 Bc6 16. Bg5 Ra5 17. Nf4 Qd7 18. Bxf6 Rxf6 19. Nd3 Rf8 20. Ne5 Nxe5 21. Qxa5
Nc4 22. Qb4 f4 23. Rd3 g5 24. gxf4 gxf4 25. Kh1 Kh8 26. Rg1 Ra8 27. Rh3 Rxa4
28. Qb1 Ra8 29. Qg6 Rf8 30. Rh6 e5 31. Bh3 Qf7 32. Be6 Qxg6 33. Rgxg6 Be8 34.
Rg4 1-0

[Event "6. OIBM 2002"]
[Site "Bad Wiessee"]
[Date "2002.10.31"]
[Round "6"]
[White "Rosen, Bernd"]
[Black "Anagnostopoulos, Dimitri"]
[Result "1/2-1/2"]
[WhiteElo "2280"]
[BlackElo "2438"]
[PlyCount "28"]
[EventDate "2002.??.??"]

1. Nf3 Nf6 2. g3 g6 3. Bg2 Bg7 4. O-O O-O 5. c4 d6 6. Nc3 Nc6 7. Rb1 e5 8. d3
a5 9. a3 h6 10. b4 axb4 11. axb4 Be6 12. b5 Ne7 13. Bb2 Qd7 14. Ra1 Bh3 1/2-1/2

[Event "6. OIBM 2002"]
[Site "Bad Wiessee"]
[Date "2002.10.31"]
[Round "6"]
[White "Slobodjan, Roman"]
[Black "Efimenko, Zahar"]
[Result "1/2-1/2"]
[WhiteElo "2521"]
[BlackElo "2567"]
[PlyCount "72"]
[EventDate "2002.??.??"]

1. e4 c5 2. c3 d6 3. d4 Nf6 4. Bd3 g6 5. Nf3 Bg7 6. O-O O-O 7. h3 Na6 8. a3 Nc7
9. Re1 b6 10. Be3 Bb7 11. Nbd2 Rc8 12. Rc1 Qd7 13. Bc2 h6 14. c4 cxd4 15. Nxd4
b5 16. f3 e5 17. N4b3 a6 18. Bd3 Nh5 19. Nb1 Nf4 20. Bf1 bxc4 21. Nc5 Qc6 22.
Nxb7 Qxb7 23. Qxd6 Qxb2 24. Rxc4 Nb5 25. Qb4 Qxb4 26. Rxb4 Rfd8 27. Rc4 Rb8 28.
Rc2 Nd4 29. Rf2 Rd6 30. Nd2 Rc6 31. Nc4 Rc5 32. Rd1 Nfe6 33. Rb2 Rxb2 34. Nxb2
Rc2 35. Rd2 Rc3 36. Rd3 Rc2 1/2-1/2

[Event "6. OIBM 2002"]
[Site "Bad Wiessee"]
[Date "2002.11.01"]
[Round "7"]
[White "Aronian, Levon"]
[Black "Oratovsky, Michael"]
[Result "1/2-1/2"]
[WhiteElo "2581"]
[BlackElo "2567"]
[PlyCount "52"]
[EventDate "2002.??.??"]

1. c4 d6 2. Nc3 g6 3. g3 Bg7 4. Bg2 Nf6 5. Nf3 O-O 6. O-O c6 7. e4 e5 8. h3
Nbd7 9. d3 a6 10. Rb1 Re8 11. b4 d5 12. cxd5 cxd5 13. exd5 Nb6 14. Bg5 Nbxd5
15. Nxd5 Qxd5 16. Re1 Qd6 17. d4 e4 18. Nd2 Qxd4 19. Bxf6 Bxf6 20. Nxe4 Bf5 21.
Nxf6+ Qxf6 22. Rc1 Qb6 23. Qa4 Rxe1+ 24. Rxe1 Be6 25. Qa5 Qxa5 26. bxa5 Rc8
1/2-1/2